00498nam a22001457a 4500999001900000020001800019040001200037082001700049100010500066245004200171260002000213300001000233942001200243952009700255 c535562d535562 a9783319225609 cMSOHAIL a910.285bKHO aSiamak Khorram, Cynthia F. van der Wiele, Frank H. Koch, Stacy A. C. Nelson, Matthew D. Potts930195 aPrinciples of Applied Remote Sensing  bSpringer,c2016 a307;p 2ddccBK 00102ddc4070aNITbNITd2020-09-17l0o910.285 KHOpNIT-13251r2020-09-17w2020-09-17yBK